| 000 | 01507nam a2200373Ia 4500 | ||
|---|---|---|---|
| 001 | vtls003192484 | ||
| 003 | MY-SjTCS | ||
| 005 | 20200306171442.0 | ||
| 006 | m u | ||
| 007 | cr cn||||||||| | ||
| 008 | 100712s1999 nyu sb 001 0 eng d | ||
| 010 | _z 98-035021 | ||
| 020 | _z0203900855 | ||
| 020 | _z0415921643 (hb) | ||
| 020 | _z0415921651 (pbk.) | ||
| 035 | _a(CaPaEBR)ebr10054781 | ||
| 039 | 9 |
_y201007121634 _zVLOAD |
|
| 040 |
_aCaPaEBR _cCaPaEBR |
||
| 050 | 1 | 4 |
_aLB2331 _b.G78 1999eb |
| 082 | 0 | 4 |
_a378.1/2 _221 |
| 100 | 1 |
_aGrubb, W. Norton. _9303987 |
|
| 245 | 1 | 0 |
_aHonored but invisible _h[electronic resource] : _ban inside look at teaching in community colleges / _cW. Norton Grubb ; with Helena Worthen ... [et al]. |
| 260 |
_aNew York : _bRoutledge, _c1999. |
||
| 300 | _axi, 392 p. | ||
| 504 | _aIncludes bibliographical references (p. 369-382) and index. | ||
| 529 | _aTSLHHL | ||
| 533 |
_aElectronic reproduction. _bPalo Alto, Calif. : _cebrary, _d2009. _nAvailable via World Wide Web. _nAccess may be limited to ebrary affiliated libraries. |
||
| 650 | 0 |
_aCollege teaching _zUnited States. _9303988 |
|
| 650 | 0 |
_aCommunity colleges _zUnited States. _926067 |
|
| 655 | 7 |
_aElectronic books. _2local _9201578 |
|
| 700 | 1 |
_aWorthen, Helena. _9303989 |
|
| 710 | 2 |
_aebrary, Inc. _925628 |
|
| 856 | 4 | 0 |
_uhttps://ezproxy.taylors.edu.my/login?url=http://site.ebrary.com/lib/taylorscollege/Doc?id=10054781 _zAn electronic book accessible through the World Wide Web; click to view |
| 999 | _c69147 | ||